Click the Landmarks on a Map - Statistics

General Stats
  • This quiz has been taken 140 times
  • The average score is 17 of 24
Answers on the Map
Answers color-coded by a green-red scale on the quiz's map according to % correct below.
 
Answer Stats
Answer % Correct
89%
89%
87%
85%
83%
83%
82%
82%
81%
79%
79%
79%
76%
71%
71%
71%
65%
63%
58%
53%
52%
51%
48%
26%
No matching quizzes found
Score Distribution
Percent of People with Each Score
Percentile by Number Answered
Your Score History
You have not taken this quiz